Pokémon commençant par H - Statistiques

Statistiques générales
  • Ce quiz a été pris 2 636 fois
    1 352 depuis la dernière actualisation
  • Le résultat moyen est 15 sur 25
Statistiques - réponses
Réponse % Correct
002 Herbizarre
86%
155 Héricendre
84%
163 Hoothoot
83%
116 Hypotrempe
79%
192 Héliatronc
78%
117 Hypocéan
78%
230 Hyporoi
78%
250 Ho-oH
76%
485 Heatran
65%
097 Hypnomade
64%
297 Hariyama
62%
277 Hélédelle
59%
667 Hélionceau
59%
450 Hippodocus
59%
449 Hippopotas
59%
900 Hachécateur
55%
720 Hoopa
52%
615 Hexagel
48%
586 Haydaim
42%
882 Hydragon
42%
847 Hastacuda
41%
991 Hotte-de-Fer
41%
883 Hydragla
39%
870 Hexadron
38%
985 Hurle-Queue
35%
Aucun quiz correspondant
Distribution des résultats
% des personnes avec chaque résultat
Percentile par nombre de réponses
Votre historique - résultats
Vous n’avez pas pris ce quiz depuis la dernière actualisation